| 000 | 00636nam a2200205 a 4500 | ||
|---|---|---|---|
| 005 | 20250315063758.0 | ||
| 008 | 081027s2000 mx r 000 0 spa d | ||
| 035 | _aUPN01000164213 | ||
| 049 | _aUNE | ||
| 080 | _a378 (-77)=20 "2000" HIG. | ||
| 245 | 0 | 0 |
_aHigher education in developing countries : _bPeril and promises. |
| 260 |
_aParis : _bUNESCO; _aNew York : _bWorld Bank, _c2000. |
||
| 300 | _a161 p. | ||
| 500 | _aIncluye bibliografía. | ||
| 690 | _aEnseñanza superior- Paises en desarrollo | ||
| 690 | _aPaises en desarrollo- Enseñanza superior | ||
| 710 | 2 |
_aBanco Mundial _99177 |
|
| 710 | 2 | _aUNESCO | |
| 905 | _aUNESCO | ||
| 999 |
_c136325 _d136325 |
||